Séries de Fourier et classes quasi-analytiques de fonctions
保存先:
| 第一著者: | |
|---|---|
| フォーマット: | 図書 |
| 言語: | 英語 |
| 出版事項: |
París
Gauthier--Villars
1935
|
| シリーズ: | Collection de Monographies sur la Théorie des Fonctions
|
| 主題: | |
| タグ: |
タグ追加
タグなし, このレコードへの初めてのタグを付けませんか!
|
MARC
| LEADER | 00000nam a2200000 a 4500 | ||
|---|---|---|---|
| 001 | UCP1427 | ||
| 003 | CL-VaPUC | ||
| 008 | 990409e19350000FR |||||||||||||||||eng|d | ||
| 082 | 0 | 4 | |a 515.243 |b MAN |2 21 |
| 100 | |a Mandelbrojt, Szolem |e autor |9 427473 | ||
| 245 | 1 | 0 | |a Séries de Fourier et classes quasi-analytiques de fonctions |
| 300 | |a 156 p | ||
| 942 | |c BK | ||
| 945 | |d 19990409 00:00:00 |a crobeson | ||
| 260 | |a París |b Gauthier--Villars |c 1935 | ||
| 650 | 0 | |a Series de Fourier |9 260465 | |
| 650 | 0 | |a Análisis de Fourier |9 260464 | |
| 650 | 7 | |a INTEGRALES DE POISSON |2 CL-VaPUC |9 425511 | |
| 650 | 7 | |a SERIES DE TAYLOR |2 CL-VaPUC |9 425668 | |
| 583 | |a last modification |c 19990409 00:00:00 |k Rodrigo Vera | ||
| 490 | 0 | |a Collection de Monographies sur la Théorie des Fonctions | |
| 999 | |c 280105 |d 280103 | ||
| 952 | |0 0 |1 0 |4 0 |6 515_243000000000000_MAN_1935 |7 0 |8 A |9 320111 |a BIBMAT |b BIBMAT |d 2019-11-20 |i 1340824 |o 515.243 MAN 1935 |p 1340824 |r 2025-01-07 |w 2019-11-20 |y BK |k MAT | ||